The disaster recovery handbook : (Record no. 4265)
[ view plain ]
| 000 -LEADER | |
|---|---|
| fixed length control field | 00724 a2200193 4500 |
| 010 ## - LCCN (DPL NO) | |
| LC control number | ENG-86227 |
| 020 ## - INTERNATIONAL STANDARD BOOK NUMBER | |
| International Standard Book Number | 9788120331095 |
| Terms of availability | 525.00 |
| 035 ## - SYSTEM CONTROL NUMBER | |
| System control number | EN-69760 |
| 037 ## - SOURCE OF ACQUISITION | |
| Source of stock number/acquisition | DBAD / PUB |
| 082 14 - DEWEY DECIMAL CLASSIFICATION NUMBER | |
| Classification number | 658.477 |
| 100 ## - MAIN ENTRY--PERSONAL NAME | |
| Personal name | Wallace, Michael |
| 245 1# - TITLE STATEMENT | |
| Title | The disaster recovery handbook : |
| Statement of responsibility, etc | by Michael Wallace and Lawrence Webber |
| Remainder of title | a step-by-step plan to ensure business continuity and protect vital operations, facilities and assets / |
| 260 ## - PUBLICATION, DISTRIBUTION, ETC. (IMPRINT) | |
| Place of publication, distribution, etc | New Delhi |
| Name of publisher, distributor, etc | Prentice-Hall of India |
| Date of publication, distribution, etc | 2007 |
| 270 ## - ADDRESS | |
| Address | M-97, Connaught Circus |
| City | New Delhi |
| State or province | New Delhi |
| Postal code | 110 001 |
| 300 ## - PHYSICAL DESCRIPTION | |
| Extent | xvii, 398p. |
| Dimensions | 24cm. (Hb) |
| Accompanying material | CD-ROM |
| 500 ## - GENERAL NOTE | |
| General note | Includes index |
| 700 ## - ADDED ENTRY--PERSONAL NAME | |
| Personal name | Webber, Lawrence |
| 942 ## - ADDED ENTRY ELEMENTS (KOHA) | |
| Institution code [OBSOLETE] | dpl |
| Item type | English Books |
| Source of classification or shelving scheme | Dewey Decimal Classification |
| Classification part | 658.477 |
| Call number suffix | WAL |
| Withdrawn status | Lost status | Not for loan | Collection code | Home library | Current library | Source of acquisition | Cost, normal purchase price | Full call number | Barcode | Copy number | Cost, replacement price | Koha item type |
|---|---|---|---|---|---|---|---|---|---|---|---|---|
| Not For Loan | Non-fiction | D.B.Act.Division | D.B.Act.Division | DBAD/PUB | 525.00 | 658.477 WAL | EN-69760 | 1 | 525.00 | English Books |
